000
00238 a2200097 4500
001
14203
100
_a
Hornby A.S
245
_a
A guide to patterns usage in English
260
_a
London
_b
Oxford university press
_c
090
_c
11146
_d
11146
942
_a
NUST-CAE
_c
M
_c
1277
999
_c
249276
_d
249276